Sistema de videovigilancia remota de bajo costo con microcomputadora y celdas solares
保存先:
| 第一著者: | |
|---|---|
| その他の著者: | |
| フォーマット: | 図書 |
| 言語: | Spanish |
| 出版事項: |
[San José], Costa Rica
2013
|
| 主題: | |
| タグ: |
タグ追加
タグなし, このレコードへの初めてのタグを付けませんか!
|
MARC
| LEADER | 00000nam a22000007a 4500 | ||
|---|---|---|---|
| 003 | 011795 | ||
| 005 | 20230825104036.0 | ||
| 008 | 150421b2013 cr a|||| |||| 00| ||spa d | ||
| 040 | |c cru CEDI | ||
| 090 | |a TFG 6994 | ||
| 100 | |9 750 |a Guevara Betancourt, Edder, 1991- | ||
| 245 | |a Sistema de videovigilancia remota de bajo costo con microcomputadora y celdas solares | ||
| 260 | |a [San José], Costa Rica |c 2013 | ||
| 300 | |a xi, 81 páginas : ilustraciones (algunas a color). | ||
| 500 | |a Proyecto de graduación (bachillerato en ingeniería eléctrica)-- Universidad de Costa Rica. Facultad de Ingeniería. Escuela de Ingeniería Eléctrica | ||
| 501 | |a Profesor Guía de IE-0499 Proyecto Eléctrico: Ph.D. Jaime Cascante Vindas | ||
| 650 | |x VIDEO VIGILANCIA |x VIGILANCIA ELECTRONICA |x ENERGIA SOLAR |x CELULAS SOLARES |x CONTROL REMOTO |x SISTEMAS DE ENERGIA FOTOVOLTAICA |9 780 | ||
| 700 | |9 732 |a Cascante Vindas, Jaime, 1978- |d Director de Proyecto Eléctrico | ||
| 942 | |c CEDI | ||
| 999 | |c 13845 |d 13845 | ||
